[Event "TQM 2012 - A"]
[Site "?"]
[Date "2012.11.29"]
[Round "6"]
[White "Lalic, Dragan"]
[Black "Ilincic, Zlatko"]
[Result "1/2-1/2"]
[WhiteElo "2287"]
[BlackElo "2437"]
[PlyCount "58"]

1. e4 c5 2. d4 cxd4 3. c3 dxc3 4. Nxc3 e6 5. Nf3 a6 6. Bc4 Qc7 7. Qe2 Nc6 8.
O-O Bd6 9. Bg5 Nge7 10. g3 Ng6 11. Rac1 O-O 12. Bb3 b5 13. h4 Nge5 14. Nxe5
Bxe5 15. Qg4 Kh8 16. h5 h6 17. Be3 d6 18. Rfd1 Qe7 19. f4 Bxc3 20. Rxc3 e5 21.
f5 Na5 22. Rcd3 Nxb3 23. axb3 Rd8 24. b4 Bb7 25. Bb6 Rd7 26. Bc5 Rad8 27. Bb6
Rc8 28. Bc5 Rcd8 29. Bb6 Rc8 1/2-1/2

[Event "TQM 2012 - A"]
[Site "?"]
[Date "2012.11.30"]
[Round "7"]
[White "Ilincic, Zlatko"]
[Black "Perisic, Radivoj"]
[Result "1/2-1/2"]
[WhiteElo "2437"]
[BlackElo "2313"]
[PlyCount "27"]

1. d4 d5 2. c4 e6 3. Nf3 Be7 4. g3 Nf6 5. Bg2 O-O 6. O-O b6 7. Qc2 Bb7 8. Rd1
dxc4 9. Qxc4 Nbd7 10. Nc3 Qc8 11. Bg5 h6 12. Bxf6 Nxf6 13. Rac1 c5 14. dxc5
1/2-1/2

[Event "TQM 2012 - A"]
[Site "?"]
[Date "2012.11.30"]
[Round "8"]
[White "Lalic, Dragan"]
[Black "Bodiroga, Predrag"]
[Result "0-1"]
[WhiteElo "2287"]
[BlackElo "2391"]
[PlyCount "56"]

1. Nf3 Nf6 2. g3 d6 3. d4 g6 4. Bg2 Bg7 5. O-O O-O 6. c4 Nc6 7. d5 Na5 8. Nfd2
c5 9. Nc3 a6 10. Qc2 Rb8 11. b3 b5 12. Bb2 Qc7 13. h3 bxc4 14. bxc4 Bd7 15. e4
e5 16. Rab1 Bh6 17. f4 Nh5 18. Ne2 f5 19. exf5 Bxf5 20. Ne4 Rb4 21. fxe5 Nxc4
22. exd6 Nxd6 23. Be5 Rxb1 24. Qxb1 Bxe4 25. Rxf8+ Bxf8 26. Bxe4 Ng7 27. Qc2
Ngf5 28. Nf4 Qa5 0-1

[Event "TQM 2012 - A"]
[Site "?"]
[Date "2012.12.01"]
[Round "7"]
[White "Besedes, Danilo"]
[Black "Jankov, Radislav"]
[Result "0-1"]
[WhiteElo "1858"]
[BlackElo "2106"]
[PlyCount "78"]
[EventDate "2012.??.??"]

1. d4 Nf6 2. c4 c6 3. Nc3 d5 4. Nf3 e6 5. Bg5 Nbd7 6. e3 Qa5 7. Nd2 Ne4 8.
Ndxe4 dxe4 9. Bh4 Bb4 10. Qc2 O-O 11. Be2 e5 12. O-O Bxc3 13. bxc3 f5 14. Rad1
c5 15. f3 exf3 16. Rxf3 e4 17. Rf2 Nf6 18. Bg3 Rf7 19. dxc5 Bd7 20. Rd4 Qxc5
21. Bd6 Qc6 22. c5 Be6 23. a4 a6 24. c4 Nd7 25. g4 g6 26. gxf5 Bxf5 27. Rd5 Rc8
28. h4 b6 29. cxb6 Nxb6 30. Rfxf5 Rxf5 31. Rxf5 gxf5 32. Be5 Nxc4 33. Bxc4+
Qxc4 34. Qg2+ Kf8 35. Qg7+ Ke8 36. Qh8+ Kd7 37. Qxh7+ Kc6 38. Qh6+ Kb7 39. Kf2
Qa2+ 0-1

[Event "TQM 2012 - A"]
[Site "?"]
[Date "2012.12.01"]
[Round "7"]
[White "Levnajic, Pavle"]
[Black "Lalic, Dragan"]
[Result "1-0"]
[WhiteElo "2210"]
[BlackElo "2287"]
[PlyCount "135"]

1. e4 d6 2. d4 Nf6 3. Nc3 e5 4. Nf3 Nbd7 5. Bc4 Be7 6. O-O O-O 7. a4 c6 8. Ba2
a5 9. Re1 exd4 10. Nxd4 Nc5 11. h3 Qb6 12. Qf3 Qb4 13. Be3 Qxb2 14. Nxc6 Qxc3
15. Nxe7+ Kh8 16. Nd5 Nxd5 17. Bxd5 Be6 18. Qf4 Bxd5 19. exd5 Qxc2 20. Qxd6
Nxa4 21. Rac1 Qg6 22. Qd7 Nb2 23. Rb1 Nc4 24. Bc5 Ne5 25. Qxb7 Nf3+ 26. Kh1
Nxe1 27. Rxe1 Rfb8 28. Qe7 Rb1 29. d6 Rxe1+ 30. Qxe1 Qf5 31. Qe3 Qd7 32. h4 Re8
33. Qd4 h6 34. f3 Kg8 35. Kh2 Qe6 36. Bb6 Qd7 37. Bxa5 Ra8 38. Bc3 f6 39. Qd5+
Kh7 40. Qxa8 Qxd6+ 41. g3 Qc5 42. Qe4+ f5 43. Qd4 Qc7 44. Qe5 Qf7 45. Kh3 Kg6
46. Bd4 Qd7 47. Kg2 Qf7 48. Bb2 Kh7 49. h5 Qd7 50. Qd4 Qe7 51. Kf2 Qg5 52. Bc3
Qe7 53. Qb6 Qd7 54. Kg2 Qe7 55. Qg6+ Kg8 56. Bd4 Qe2+ 57. Bf2 Qe5 58. Qb6 Qe8
59. Qg6 Qe5 60. Qc6 Kh8 61. f4 Qe7 62. Qc8+ Kh7 63. Qxf5+ Kg8 64. Qd5+ Kh8 65.
Qe5 Qb7+ 66. Kh2 Qf3 67. Bd4 Qb7 68. Qxg7+ 1-0

[Event "TQM 2012 - A"]
[Site "?"]
[Date "2012.12.02"]
[Round "8"]
[White "Perisic, Radivoj"]
[Black "Levnajic, Pavle"]
[Result "0-1"]
[WhiteElo "2313"]
[BlackElo "2210"]
[PlyCount "148"]

1. e4 c5 2. Nf3 e6 3. d4 cxd4 4. Nxd4 Nc6 5. Nc3 Qc7 6. Be2 a6 7. O-O Nf6 8.
Kh1 Nxd4 9. Qxd4 Bc5 10. Qd3 b5 11. f4 Bb7 12. Bf3 d6 13. e5 dxe5 14. Bxb7 Qxb7
15. fxe5 Nd7 16. Qg3 b4 17. Nd1 Qe4 18. Bf4 O-O 19. c3 Rac8 20. cxb4 Bxb4 21.
Nf2 Qg6 22. Rac1 Nb6 23. Qxg6 hxg6 24. Ne4 Nd5 25. Bg5 Be7 26. Bxe7 Nxe7 27.
Nd6 Rc6 28. g3 Rb6 29. Nc4 Rb5 30. b3 Rd5 31. Rc2 g5 32. Re1 Ng6 33. Kg2 Rc8
34. Rce2 Rb8 35. Re4 a5 36. R1e2 Rb4 37. Rg4 a4 38. Ne3 Rxg4 39. Nxg4 axb3 40.
axb3 Rb5 41. Re3 Kf8 42. Kf2 Ke7 43. Ke2 f5 44. exf6+ gxf6 45. Kd2 f5 46. Nf2
Kf6 47. Kc3 Rb8 48. Nd3 Ne7 49. Re2 Nc6 50. Nc5 Re8 51. Rd2 Ne7 52. Nd7+ Kf7
53. b4 Nd5+ 54. Kc4 Ke7 55. Ne5 Rc8+ 56. Kb3 f4 57. Rd3 Kf6 58. Nd7+ Kf5 59.
Nc5 Rb8 60. Rd4 Rh8 61. g4+ Kxg4 62. Nxe6 Rh3+ 63. Kc4 Ne3+ 64. Kc5 Rxh2 65. b5
Kf5 66. Rd6 Rc2+ 67. Kb4 Ke5 68. Ra6 g4 69. Ng7 g3 70. Re6+ Kd5 71. Rg6 g2 72.
Nh5 f3 73. Nf4+ Ke4 74. Nh3 f2 0-1

[Event "TQM 2012 - A"]
[Site "?"]
[Date "2012.12.03"]
[Round "8.1"]
[White "Jankov, Radislav"]
[Black "Ilincic, Zlatko"]
[Result "1/2-1/2"]
[WhiteElo "2106"]
[BlackElo "2437"]
[PlyCount "32"]

1. e4 c5 2. Nf3 d6 3. d4 cxd4 4. Nxd4 Nf6 5. Nc3 a6 6. Bc4 e6 7. Bb3 b5 8. O-O
b4 9. Na4 Bd7 10. f4 Nc6 11. f5 e5 12. Ne6 fxe6 13. fxe6 Bc8 14. Bg5 h5 15. Bd5
Qc7 16. Bxf6 gxf6 1/2-1/2

[Event "TQM 2012 - A"]
[Site "?"]
[Date "2012.12.04"]
[Round "9.5"]
[White "Vukic, Radivoj"]
[Black "Lalic, Dragan"]
[Result "1/2-1/2"]
[WhiteElo "2342"]
[BlackElo "2287"]
[PlyCount "31"]
[EventDate "2012.??.??"]

1. d4 d5 2. Nf3 Nf6 3. c4 e6 4. Nc3 Nbd7 5. Bg5 c6 6. cxd5 exd5 7. e3 Be7 8.
Qc2 O-O 9. Bd3 Re8 10. Bf4 Nf8 11. h3 Ng6 12. Bh2 Bd6 13. Bxd6 Qxd6 14. O-O-O
b5 15. Kb1 a5 16. Rc1 1/2-1/2

[Event "TQM 2012 - A"]
[Site "?"]
[Date "2012.12.04"]
[Round "9.2"]
[White "Ilincic, Zlatko"]
[Black "Strbac, Mladen"]
[Result "1/2-1/2"]
[WhiteElo "2437"]
[BlackElo "2236"]
[PlyCount "24"]
[EventDate "2012.??.??"]

1. d4 d5 2. c4 c6 3. Nf3 Nf6 4. e3 a6 5. cxd5 cxd5 6. Nc3 Nc6 7. Bd3 Bg4 8. h3
Bh5 9. g4 Bg6 10. Ne5 Bxd3 11. Qxd3 Nd7 12. Nxd7 Qxd7 1/2-1/2

[Event "TQM 2012 - A"]
[Site "?"]
[Date "2012.12.04"]
[Round "9"]
[White "Bodiroga, Predrag"]
[Black "Perisic, Radivoj"]
[Result "1-0"]
[WhiteElo "2391"]
[BlackElo "2313"]
[PlyCount "61"]

1. d4 Nf6 2. c4 c5 3. d5 e6 4. Nc3 exd5 5. cxd5 g6 6. e4 d6 7. Nf3 Bg7 8. h3
O-O 9. Bd3 a6 10. a4 Nbd7 11. O-O b6 12. Bf4 Qc7 13. Bc4 h6 14. Re1 g5 15. Bh2
Rb8 16. e5 dxe5 17. Nxe5 Nxe5 18. Bxe5 Qa7 19. Bxb8 Qxb8 20. Qd3 Nh5 21. Ne2
Rd8 22. Rad1 Bxb2 23. d6 Kg7 24. Ba2 Bf6 25. Qf3 Nf4 26. Nxf4 gxf4 27. Qxf4 Bd7
28. Re3 Bg5 29. Qxf7+ Kh8 30. Re7 Bxe7 31. dxe7 1-0

[Event "16th Battle of Senta - OPEN A"]
[Site "Senta"]
[Date "2012.07.14"]
[Round "1.3"]
[White "Saric, Sinisa"]
[Black "Simonyi, Zoltan"]
[Result "0-1"]
[WhiteElo "2462"]
[BlackElo "2219"]
[PlyCount "186"]
[EventDate "2012.07.14"]

1. d4 e6 2. c4 Nf6 3. Nc3 d5 4. cxd5 exd5 5. Bg5 c6 6. Qc2 g6 7. Nxd5 Qxd5 8.
Bxf6 Bb4+ 9. Kd1 O-O 10. e4 Re8 11. Bd3 Nd7 12. Ne2 Qh5 13. g4 Qh3 14. Bg5 Nf8
15. a3 Ba5 16. b4 Bb6 17. f3 Qxf3 18. Kd2 Ne6 19. Raf1 Qg2 20. Rfg1 Qf3 21. Be3
Rd8 22. Qb2 Qf6 23. g5 Qg7 24. e5 Nc7 25. h4 Nd5 26. Bf2 h5 27. gxh6 Qxh6+ 28.
Rg5 Kf8 29. Ke1 Be6 30. Rhg1 Ke8 31. Bxg6 Kd7 32. Bd3 Rh8 33. b5 Rae8 34. bxc6+
bxc6 35. Be4 Rb8 36. Kf1 Ba5 37. Qc2 Qf8 38. R5g3 Qc8 39. Rf3 Bd8 40. Rg7 Be7
41. Rfxf7 Bxf7 42. Rxf7 Qa6 43. Bf5+ Kd8 44. Be6 Rb6 45. a4 Qa5 46. Rg7 Qb4 47.
Kg2 Qb1 48. Qxb1 Rxb1 49. Bxd5 cxd5 50. Nf4 Rb2 51. h5 Bh4 52. Nd3 Rd2 53. Rxa7
Rxh5 54. Nc5 Rxf2+ 55. Kg1 Rg5+ 56. Kh1 Rg4 57. a5 Ke8 58. e6 Bg3 59. Ra8+ Ke7
60. Ra7+ Kd6 61. Ra6+ Kc7 62. Ra7+ Kc6 63. Nd3 Rh2+ 64. Kg1 Bb8+ 65. Kf1 Bxa7
66. Ne5+ Kd6 67. Nxg4 Ra2 68. Ne5 Kxe6 69. Nc6 Kd6 70. Nxa7 Rxa5 71. Nc8+ Kc7
72. Ne7 Kd7 73. Nf5 Ra4 74. Ke2 Ke6 75. Ng7+ Kf6 76. Ne8+ Kf5 77. Kd3 Ra3+ 78.
Kd2 Ra6 79. Nc7 Ra2+ 80. Kc3 Ke4 81. Nb5 Ke3 82. Nd6 Ra6 83. Nf5+ Kf4 84. Ng7
Ke4 85. Nh5 Rg6 86. Kb4 Kxd4 87. Nf4 Rb6+ 88. Ka3 Kc4 89. Ka2 d4 90. Ng2 Kc3
91. Nf4 Rb2+ 92. Ka3 Rb8 93. Ka2 d3 0-1

[Event "16th Battle of Senta - OPEN A"]
[Site "Senta"]
[Date "2012.07.14"]
[Round "1.4"]
[White "Kumic, Filip"]
[Black "Matsenko, Sergei"]
[Result "1/2-1/2"]
[WhiteElo "2216"]
[BlackElo "2460"]
[PlyCount "52"]
[EventDate "2012.07.14"]

1. d4 d5 2. Nf3 Nf6 3. c4 e6 4. Nc3 c6 5. Bg5 h6 6. Bxf6 Qxf6 7. e3 Nd7 8. Bd3
dxc4 9. Bxc4 g6 10. O-O Bg7 11. b4 O-O 12. a4 a5 13. Qb3 axb4 14. Qxb4 c5 15.
Qb3 cxd4 16. exd4 b6 17. Rac1 Bb7 18. d5 Kh7 19. Rfe1 Rac8 20. Ne4 Qf4 21. Rcd1
Nc5 22. Nxc5 Rxc5 23. Qxb6 Qxc4 24. Qxb7 exd5 25. Ne5 Bxe5 26. Rxe5 Qxa4
1/2-1/2

[Event "16th Battle of Senta - OPEN A"]
[Site "Senta"]
[Date "2012.07.14"]
[Round "1.5"]
[White "Arsovic, Goran"]
[Black "Scepanovic, Labud"]
[Result "1-0"]
[WhiteElo "2427"]
[BlackElo "2205"]
[PlyCount "95"]
[EventDate "2012.07.14"]

1. d4 d6 2. Nf3 Bg4 3. e3 Nd7 4. Be2 c6 5. h3 Bh5 6. c4 Ngf6 7. Nc3 e5 8. O-O
a5 9. Re1 Bxf3 10. Bxf3 Be7 11. g3 O-O 12. b3 Re8 13. d5 c5 14. e4 Kh8 15. h4
Ng8 16. Bg4 g6 17. Be3 Ngf6 18. Bh3 Nh5 19. Bg4 Ng7 20. h5 f5 21. exf5 gxf5 22.
h6 fxg4 23. hxg7+ Kxg7 24. Qxg4+ Kh8 25. Kg2 Nf6 26. Qf5 Qc8 27. Qxc8 Raxc8 28.
Rh1 Rf8 29. Rh4 Rf7 30. Rah1 Rg8 31. f3 Rg6 32. Rh6 Rxh6 33. Bxh6 Kg8 34. a3
Bf8 35. Bg5 Be7 36. Bxf6 Rxf6 37. Ne4 Rg6 38. b4 axb4 39. axb4 b6 40. Ra1 Kf8
41. b5 Ke8 42. Ra7 h6 43. Rb7 Bd8 44. Kh3 h5 45. Rh7 h4 46. gxh4 Be7 47. Kh2
Kf8 48. h5 1-0

[Event "16th Battle of Senta - OPEN A"]
[Site "Senta"]
[Date "2012.07.14"]
[Round "1.10"]
[White "Vucinic, Gojko"]
[Black "Vujic, Mihailo"]
[Result "1/2-1/2"]
[WhiteElo "2150"]
[BlackElo "2357"]
[PlyCount "132"]
[EventDate "2012.07.14"]

1. e4 e5 2. Nf3 Nc6 3. Bc4 Nf6 4. Ng5 d5 5. exd5 Nd4 6. c3 b5 7. Bf1 Nxd5 8.
Ne4 Ne6 9. Bxb5+ Bd7 10. Bxd7+ Qxd7 11. Qf3 Be7 12. d3 O-O 13. O-O Rad8 14. Ng3
g6 15. Bh6 Rfe8 16. Nd2 Bg5 17. Bxg5 Nxg5 18. Qd1 f5 19. Nf3 Nf7 20. Qc1 Nf4
21. d4 Nd3 22. Qd2 e4 23. Ne1 Nde5 24. Qf4 Nc4 25. b3 Ncd6 26. h4 h6 27. Qc1
Qe7 28. h5 Qh4 29. hxg6 Nh8 30. Ne2 Nxg6 31. f4 Kh7 32. Nc2 Qh5 33. Qe3 Nh4 34.
Kf2 Nxg2 35. Kxg2 Rg8+ 36. Ng3 Rxg3+ 37. Kxg3 Rg8+ 38. Kf2 Qh2+ 39. Ke1 Qxc2
40. Qd2 Qxd2+ 41. Kxd2 Rg2+ 42. Ke3 Rg3+ 43. Ke2 Nb5 44. Rac1 Nxc3+ 45. Kf2 Rd3
46. Rfe1 Nd5 47. Rc5 Rxd4 48. Ke2 Rd3 49. Rec1 Nxf4+ 50. Ke1 Re3+ 51. Kd2 Rd3+
52. Ke1 Re3+ 53. Kd2 Re2+ 54. Kd1 Kg6 55. Rxc7 Rxa2 56. R1c2 Ra1+ 57. Rc1 Ra2
58. R1c2 Ra1+ 59. Rc1 Ra3 60. R1c6+ Kh5 61. Rg7 Rxb3 62. Rgg6 Rd3+ 63. Ke1 Re3+
64. Kd2 Rd3+ 65. Ke1 Re3+ 66. Kd2 Rd3+ 1/2-1/2

[Event "16th Battle of Senta - OPEN A"]
[Site "Senta"]
[Date "2012.07.14"]
[Round "1.12"]
[White "Szabados, Karoly"]
[Black "Zivkovic, Sava"]
[Result "1-0"]
[WhiteElo "2091"]
[BlackElo "2340"]
[PlyCount "45"]
[EventDate "2012.07.14"]

1. Nf3 c5 2. b3 d5 3. e3 Nc6 4. Bb2 Bf5 5. Bb5 Qb6 6. Bxc6+ Qxc6 7. O-O h5 8.
d4 h4 9. Ne5 Qc7 10. Nc3 e6 11. Nb5 Qb6 12. c4 f6 13. dxc5 Bxc5 14. b4 fxe5 15.
bxc5 Qxc5 16. Ba3 Qc6 17. Nd6+ Kd7 18. cxd5 Qa6 19. Qb3 Ne7 20. Nxb7 Qb6 21.
Qa4+ Kc7 22. Bxe7 Kxb7 23. e4 1-0

[Event "16th Battle of Senta - OPEN A"]
[Site "Senta"]
[Date "2012.07.14"]
[Round "1.14"]
[White "Banovic, Ivan"]
[Black "Radusinovic, Lazar"]
[Result "1/2-1/2"]
[WhiteElo "2072"]
[BlackElo "2330"]
[PlyCount "59"]
[EventDate "2012.07.14"]

1. d4 d5 2. Nf3 Nf6 3. c4 c6 4. e3 e6 5. Bd3 Nbd7 6. O-O Bd6 7. b3 e5 8. dxe5
Nxe5 9. Bb2 Nxd3 10. Qxd3 Be6 11. Qc2 h6 12. Nbd2 O-O 13. Rfd1 Bg4 14. cxd5
cxd5 15. Nf1 Qe7 16. Rdc1 Rac8 17. Qd3 Bxf3 18. gxf3 Be5 19. Bd4 Bxd4 20. Qxd4
Qa3 21. Qd2 Rc6 22. Rc2 Rfc8 23. Rxc6 Rxc6 24. Ng3 Qd6 25. Ne2 Qe5 26. Rc1 Qg5+
27. Kh1 Qf5 28. Nd4 Rxc1+ 29. Qxc1 Qd7 30. Qc5 1/2-1/2

[Event "16th Battle of Senta - OPEN A"]
[Site "Senta"]
[Date "2012.07.14"]
[Round "1.15"]
[White "Lukovic, Vladimir"]
[Black "Dinic, Nenad"]
[Result "1-0"]
[WhiteElo "2329"]
[BlackElo "2024"]
[PlyCount "39"]
[EventDate "2012.07.14"]

1. e4 c5 2. Nf3 Nf6 3. Nc3 Nc6 4. Bb5 a6 5. Bxc6 bxc6 6. O-O e6 7. e5 Nd5 8.
Ne4 Qc7 9. c4 Nb6 10. d4 cxd4 11. c5 Nd5 12. Qxd4 f6 13. exf6 gxf6 14. Nxf6+
Nxf6 15. Qxf6 Rg8 16. Ng5 Rg7 17. Rd1 Re7 18. Ne4 Rf7 19. Qg5 Qd8 20. Qg8 1-0

[Event "16th Battle of Senta - OPEN A"]
[Site "Senta"]
[Date "2012.07.14"]
[Round "1.17"]
[White "Petkovic, Radosav"]
[Black "Racz, Peter"]
[Result "1-0"]
[WhiteElo "2302"]
[BlackElo "2006"]
[PlyCount "57"]
[EventDate "2012.07.14"]

1. e4 c5 2. Nf3 d6 3. d4 cxd4 4. Nxd4 Nf6 5. Nc3 Nc6 6. g3 e5 7. Nde2 Be6 8.
Bg2 Be7 9. h3 O-O 10. O-O Qd7 11. Kh2 Rac8 12. Be3 b6 13. b3 Nb4 14. a3 Na6 15.
f4 g6 16. Nd5 Bxd5 17. exd5 b5 18. g4 Qc7 19. Rc1 Nd7 20. f5 Bf6 21. g5 Bd8 22.
h4 f6 23. Ng3 Qc3 24. Rf3 e4 25. Nxe4 Qe5+ 26. Ng3 fxg5 27. hxg5 gxf5 28. Bd4
Qe7 29. Nxf5 1-0

[Event "16th Battle of Senta - OPEN A"]
[Site "Senta"]
[Date "2012.07.14"]
[Round "1.18"]
[White "Zarkovic, Mila"]
[Black "Dudukovic, Nikola"]
[Result "1/2-1/2"]
[WhiteElo "1996"]
[BlackElo "2302"]
[PlyCount "98"]
[EventDate "2012.07.14"]

1. e4 e6 2. d4 d5 3. Nc3 Nf6 4. Bg5 Bb4 5. e5 h6 6. Bd2 Bxc3 7. Bxc3 Ne4 8. Bd3
Nxc3 9. bxc3 c5 10. f4 Qa5 11. Qd2 Nc6 12. Nf3 Bd7 13. O-O cxd4 14. cxd4 Qxd2
15. Nxd2 Nxd4 16. Rab1 b6 17. c4 O-O 18. Rfc1 Rac8 19. Kf2 dxc4 20. Nxc4 Bb5
21. Ke3 Nf5+ 22. Bxf5 Bxc4 23. Be4 Bxa2 24. Rxc8 Rxc8 25. Ra1 Rc3+ 26. Kd2 Rc4
27. Bc2 Rxf4 28. Rxa2 a5 29. Rb2 g5 30. Ke3 Rc4 31. Bd3 Rc5 32. Kd4 Rd5+ 33.
Ke4 a4 34. Rxb6 Ra5 35. Ra6 Rxa6 36. Bxa6 Kg7 37. g4 a3 38. Bc4 Kf8 39. Kd4 Ke7
40. Kc5 Kd7 41. Bb3 Kc7 42. Kc4 Kb6 43. h3 Kb7 44. Kc5 Kc7 45. Ba2 Kd7 46. Bc4
Kc7 47. Bb3 Kd7 48. Kc4 Kc7 49. Kb4 Kc6 1/2-1/2

[Event "16th Battle of Senta - OPEN A"]
[Site "Senta"]
[Date "2012.07.14"]
[Round "1.19"]
[White "Kholopov, Alexander A"]
[Black "Petrusic, Goran"]
[Result "1-0"]
[WhiteElo "2291"]
[BlackElo "1976"]
[PlyCount "97"]
[EventDate "2012.07.14"]

1. d4 c5 2. d5 d6 3. e4 e5 4. Nc3 Be7 5. Bd3 Nf6 6. h3 O-O 7. Nf3 Nbd7 8. O-O
a6 9. a4 Kh8 10. Re1 b6 11. Nd2 g6 12. Nc4 Nh5 13. Bf1 Ndf6 14. Kh2 Bd7 15. g3
Ng8 16. Be3 Ng7 17. f4 f6 18. Bd3 Qc7 19. Na3 exf4 20. Bxf4 f5 21. e5 dxe5 22.
Bxe5 Bd6 23. Bxd6 Qxd6 24. Nc4 Qf6 25. Ne5 f4 26. g4 f3 27. Qd2 Rad8 28. Qf2
Qf4+ 29. Kh1 Qh6 30. Qg3 f2 31. Rf1 g5 32. Kg2 Ne7 33. Rxf2 Rxf2+ 34. Qxf2 Be8
35. Qf8+ Ng8 36. Rf1 Qd6 37. Qxd6 Rxd6 38. Bxa6 Bg6 39. Bd3 Rf6 40. Nc4 Bxd3
41. cxd3 Rxf1 42. Kxf1 h5 43. Nxb6 hxg4 44. hxg4 Nf6 45. a5 Nge8 46. a6 Nxg4
47. a7 Nc7 48. d6 Ne3+ 49. Ke2 1-0

[Event "16th Battle of Senta - OPEN A"]
[Site "Senta"]
[Date "2012.07.14"]
[Round "1.20"]
[White "Sakic, Lorand"]
[Black "Tancik, Kristijan"]
[Result "0-1"]
[WhiteElo "1971"]
[BlackElo "2289"]
[PlyCount "94"]
[EventDate "2012.07.14"]

1. e4 d6 2. d4 Nf6 3. Nc3 g6 4. Bg5 Bg7 5. Qd2 h6 6. Bf4 g5 7. Be3 Ng4 8. O-O-O
Nxe3 9. Qxe3 Nc6 10. e5 Bd7 11. Bb5 dxe5 12. Bxc6 Bxc6 13. dxe5 Qc8 14. Nf3 Qe6
15. Rhe1 Bxf3 16. Qxf3 c6 17. Qe4 O-O 18. Kb1 Rfd8 19. Rxd8+ Rxd8 20. a3 b5 21.
h4 a5 22. hxg5 hxg5 23. g3 g4 24. Nd1 f5 25. Qe3 Rd5 26. f4 gxf3 27. Qxf3 Rxe5
28. Rxe5 Qxe5 29. Qxc6 Kf7 30. Qf3 Kg6 31. Qd3 Qd4 32. Qe2 Bf6 33. Qf3 b4 34.
axb4 axb4 35. Qe2 e5 36. Qf3 e4 37. Qe2 Kg5 38. c3 bxc3 39. Nxc3 Qg1+ 40. Kc2
Bxc3 41. bxc3 Qxg3 42. c4 e3 43. Qd3 Qf2+ 44. Kb3 e2 45. Qd8+ Kg4 46. Qg8+ Kh3
47. Qh7+ Kg2 0-1

[Event "16th Battle of Senta - OPEN A"]
[Site "Senta"]
[Date "2012.07.14"]
[Round "1.21"]
[White "Farkas, Tibor"]
[Black "Marta, Dominik"]
[Result "1/2-1/2"]
[WhiteElo "2256"]
[BlackElo "1966"]
[PlyCount "30"]
[EventDate "2012.07.14"]

1. g3 Nf6 2. Bg2 d5 3. Nf3 c6 4. O-O g6 5. d4 Bg7 6. c4 O-O 7. b3 Bf5 8. Bb2 e6
9. Ne5 Nbd7 10. Nxd7 Qxd7 11. Nd2 b5 12. c5 a5 13. a3 a4 14. b4 Rfe8 15. e3 Bd3
1/2-1/2

[Event "16th Battle of Senta - OPEN A"]
[Site "Senta"]
[Date "2012.07.14"]
[Round "1.22"]
[White "Sakic, Simeon"]
[Black "Cabarkapa, Novak"]
[Result "0-1"]
[WhiteElo "1961"]
[BlackElo "2254"]
[PlyCount "52"]
[EventDate "2012.07.14"]

1. e4 c5 2. Nf3 d6 3. d4 cxd4 4. Nxd4 Nf6 5. Nc3 Bd7 6. Be3 Ng4 7. Bg5 h6 8.
Bh4 g5 9. Bg3 Bg7 10. Qd2 Nc6 11. Nb3 Rc8 12. f3 Nge5 13. O-O-O Na5 14. Kb1
Nec4 15. Bxc4 Nxc4 16. Qc1 Nxb2 17. Qxb2 Bxc3 18. Qa3 Qb6 19. Rd3 Bg7 20. h4
gxh4 21. Bxh4 Rc4 22. Rhd1 Ra4 23. Rxd6 Rxa3 24. Rxd7 O-O 25. Bxe7 Qa6 26. Bxf8
Bxf8 0-1

[Event "16th Battle of Senta - OPEN A"]
[Site "Senta"]
[Date "2012.07.14"]
[Round "1.23"]
[White "Cengija, Vanja"]
[Black "Bejatovic, Bojana"]
[Result "0-1"]
[WhiteElo "2251"]
[BlackElo "1941"]
[PlyCount "52"]
[EventDate "2012.07.14"]

1. d4 f5 2. Nc3 Nf6 3. Bf4 g6 4. e3 Bg7 5. Be2 d6 6. h4 Nbd7 7. h5 e5 8. h6
exf4 9. hxg7 Rg8 10. exf4 Rxg7 11. Nf3 Nb6 12. d5 Qe7 13. Qd4 Bd7 14. O-O-O
O-O-O 15. Rhe1 Qf8 16. Qb4 Re7 17. a4 Rde8 18. a5 Nbxd5 19. Rxd5 Rxe2 20. Rxe2
Rxe2 21. Nxe2 Nxd5 22. Qd4 Bc6 23. Qxa7 Qe7 24. Ned4 Qe4 25. Nxc6 bxc6 26. a6
Nb4 0-1

[Event "16th Battle of Senta - OPEN A"]
[Site "Senta"]
[Date "2012.07.15"]
[Round "2.1"]
[White "Tancik, Kristijan"]
[Black "Gleizerov, Evgeny"]
[Result "0-1"]
[WhiteElo "2289"]
[BlackElo "2565"]
[PlyCount "86"]
[EventDate "2012.07.14"]

1. d4 e6 2. c4 f5 3. g3 Nf6 4. Nf3 d5 5. Bg2 Be7 6. O-O O-O 7. b3 b6 8. Ba3 Bb7
9. Bxe7 Qxe7 10. Nbd2 c5 11. e3 Nbd7 12. Qc2 Ne4 13. Qb2 a5 14. a3 Rfd8 15.
Rfd1 g6 16. Ne5 Nxe5 17. dxe5 Rd7 18. f3 Ng5 19. f4 Ne4 20. Nxe4 fxe4 21. cxd5
exd5 22. Bh3 Rdd8 23. Kh1 Ba6 24. g4 Qh4 25. Kg2 d4 26. Qf2 Qxf2+ 27. Kxf2 Bd3
28. Bf1 Bxf1 29. Kxf1 d3 30. a4 Kf7 31. Rac1 Ke6 32. Kf2 Kd5 33. Rc4 b5 34.
axb5 Rdb8 35. Rdc1 Rxb5 36. Kg3 d2 37. Rd1 Rxb3 38. Rc2 Rxe3+ 39. Kh4 Rd3 40.
Rdxd2 c4 41. Kg5 a4 42. Re2 a3 43. e6 Kxe6 0-1

[Event "16th Battle of Senta - OPEN A"]
[Site "Senta"]
[Date "2012.07.15"]
[Round "2.2"]
[White "Balog, Imre"]
[Black "Petkovic, Radosav"]
[Result "1-0"]
[WhiteElo "2542"]
[BlackElo "2302"]
[PlyCount "101"]
[EventDate "2012.07.14"]

1. d4 f5 2. Nf3 Nf6 3. Nc3 g6 4. Bg5 Bg7 5. Bxf6 Bxf6 6. e4 fxe4 7. Nxe4 Bg7 8.
h4 d5 9. Ng3 Qd6 10. c3 Nc6 11. Bb5 Bg4 12. Qe2 O-O 13. O-O-O a6 14. Ba4 b5 15.
Bb3 Na5 16. h5 Nxb3+ 17. axb3 g5 18. h6 Bh8 19. Kb1 Rae8 20. Rd3 e5 21. dxe5
Bxe5 22. Re3 Qg6+ 23. Ka2 Bf4 24. Rxe8 Rxe8 25. Qd1 Qd6 26. Qd4 Qg6 27. Nh5
Bxh5 28. Rxh5 c6 29. g3 Re7 30. Rh1 Bd6 31. Qg4 Re4 32. Qd7 Bf8 33. Nd4 Re7 34.
Qd8 Re8 35. Qd7 Re7 36. Qxc6 Qxc6 37. Nxc6 Re2 38. Rh5 Kf7 39. Rxg5 Bxh6 40.
Rxd5 Rxf2 41. Rd7+ Ke6 42. Rxh7 Bc1 43. Ka3 Kd6 44. Na5 Rxb2 45. Rh6+ Kd5 46.
Rxa6 Rc2+ 47. Kb4 Bd2 48. Rc6 Rxc3 49. Rxc3 Kd4 50. Nc6+ Kd5 51. Na7 1-0

[Event "16th Battle of Senta - OPEN A"]
[Site "Senta"]
[Date "2012.07.15"]
[Round "2.3"]
[White "Cabarkapa, Novak"]
[Black "Arsovic, Goran"]
[Result "1/2-1/2"]
[WhiteElo "2254"]
[BlackElo "2426"]
[PlyCount "57"]
[EventDate "2012.07.14"]

1. e4 c5 2. Nf3 d6 3. c3 Nf6 4. Be2 g6 5. O-O Bg7 6. Bb5+ Nbd7 7. Re1 a6 8. Bf1
e5 9. d4 exd4 10. cxd4 O-O 11. e5 dxe5 12. dxe5 Ng4 13. Bf4 Qc7 14. Qd5 Nb6 15.
Qd2 Qd7 16. Qc1 Nd5 17. h3 Nxf4 18. Qxf4 Nh6 19. g4 b5 20. Nc3 Bb7 21. Rad1 Qc7
22. Nd5 Bxd5 23. Rxd5 Rad8 24. Red1 Rxd5 25. Rxd5 f6 26. Qe3 fxe5 27. Rxc5 Qe7
28. Nxe5 Re8 29. Qb3+ 1/2-1/2

[Event "16th Battle of Senta - OPEN A"]
[Site "Senta"]
[Date "2012.07.15"]
[Round "2.4"]
[White "Nestorovic, Dejan"]
[Black "Kholopov, Alexander A"]
[Result "1-0"]
[WhiteElo "2404"]
[BlackElo "2289"]
[PlyCount "107"]
[EventDate "2012.07.14"]

1. d4 Nf6 2. c4 g6 3. Nc3 d5 4. f3 Bg7 5. e4 dxe4 6. fxe4 c5 7. d5 Ng4 8. Be2
Ne5 9. Nf3 Nbd7 10. Bf4 Nxf3+ 11. gxf3 Bd4 12. Qd2 O-O 13. Nb5 Bg7 14. Bc7 Qe8
15. Ba5 b6 16. Bc3 Bxc3 17. Nxc3 e5 18. h4 Qd8 19. h5 Qf6 20. O-O-O g5 21. h6
Qf4 22. Rdg1 f6 23. Bf1 Rd8 24. Bh3 Nf8 25. Qxf4 exf4 26. e5 fxe5 27. Rxg5+ Ng6
28. Bf1 Re8 29. Bd3 Kf7 30. Nb5 Rg8 31. Bxg6+ Rxg6 32. Rxe5 Bd7 33. Nc3 Re8 34.
Rxe8 Bxe8 35. Rh4 Ke7 36. Ne2 b5 37. b3 Kd6 38. Kd2 Bd7 39. Nxf4 Rg3 40. Ke3
Rg1 41. Nd3 bxc4 42. bxc4 Ra1 43. Nf2 Rxa2 44. Ne4+ Ke7 45. Nxc5 Bf5 46. Ne4 a5
47. Rf4 Bg6 48. Rf6 a4 49. Ra6 Ra3+ 50. Kf4 Ra1 51. Ra7+ Kf8 52. c5 a3 53. c6
a2 54. Ke5 1-0